| 000 | 01080nam a22003257a 4500 | ||
|---|---|---|---|
| 999 |
_c200450491 _d68703 |
||
| 001 | 200450491 | ||
| 003 | TR-AnTOB | ||
| 005 | 20241112171456.0 | ||
| 007 | ta | ||
| 008 | 221031s2022 tu a|||j |||| 00| j tur d | ||
| 020 | _a9789750830303 | ||
| 040 |
_aTR-AnTOB _beng _erda _cTR-AnTOB |
||
| 041 | 0 | _atur | |
| 092 |
_a808.068 _bKAPa 2022 |
||
| 100 | 1 |
_aKaplangı, Çiğdem, _d1973- _eillustrator _9138889 |
|
| 245 |
_aAramızda beyaz bir çizgi / _cÇiğdem Kaplangı ; Resimleyen: Seçil Çokan. |
||
| 250 | _a16. baskı | ||
| 264 | 1 |
_aİstanbul : _bYapı Kredi Yayınları, _c2022. |
|
| 300 |
_a52 pages : _billustrations ; _c19 cm |
||
| 336 |
_2rdacontent _atext _btxt |
||
| 337 |
_2rdamedia _aunmediated _bn |
||
| 338 |
_2rdacarrier _avolume _bnc |
||
| 490 | 1 |
_aYapı Kredi Yayınları : _v4209. _aDoğan Kardeş Kitaplığı : _v593. |
|
| 500 | _a"6 yaş ve üzeri." | ||
| 653 |
_aÇocuk edebiyatı _aÇocuk hikayeleri _aArkadaşlık |
||
| 700 | 1 |
_aÇokan, Seçil _eillustator _d1977- _9138949 |
|
| 942 |
_2ddc _cBK |
||